| 000 | 00890nam a22002657a 4500 | ||
|---|---|---|---|
| 003 | PILC | ||
| 005 | 20151020131449.0 | ||
| 008 | 130320t xxu||||| |||| 00| 0 eng d | ||
| 020 | _a9780688143290 | ||
| 050 |
_aDC 103.5 _b.St66 1998 |
||
| 082 |
_aGS 940.026'09 _bS66 1998 |
||
| 100 |
_aStanley, Diane _920971 |
||
| 245 |
_aJoan of arc / _cDiane Stanley. _bChildren of History / |
||
| 260 |
_aNew York : _bMorrow Junior Books, _cc1998. |
||
| 300 |
_bcol. ill. ; _c29 cm. _a42 p. : |
||
| 562 | _e1 | ||
| 650 |
_aJoan of Arc, Saint _xJuvenile Literature _922005 |
||
| 650 |
_aChristian Saints _xFrance _xBiography _xJuvenile Literature _922006 |
||
| 650 |
_aFrance _xHistory _xCharles VII, _xJuvenile Literature _922007 |
||
| 650 |
_aSaints _914508 |
||
| 650 |
_aWoman _xBiography _922008 |
||
| 650 |
_aFrance _xHistory _xCharles VII _922009 |
||
| 942 |
_2lcc _cBK |
||
| 999 |
_c11708 _d11708 |
||